<?xml version="1.0" encoding="UTF-8"?>
<marc:record xmlns:marc="http://www.loc.gov/MARC21/slim">
   <marc:leader>00000nam a2200000 a 4500</marc:leader>
   <marc:datafield ind1="1" ind2=" " tag="100">
      <marc:subfield code="a">Vittachi, Nury</marc:subfield>
      <marc:subfield code="4">aut</marc:subfield>
      <marc:subfield code="e">Verfasser/-in</marc:subfield>
   </marc:datafield>
   <marc:datafield ind1="1" ind2=" " tag="100">
      <marc:subfield code="a">Vittachi, Nury</marc:subfield>
   </marc:datafield>
   <marc:datafield ind1=" " ind2=" " tag="653">
      <marc:subfield code="a">Detektiv</marc:subfield>
   </marc:datafield>
   <marc:datafield ind1=" " ind2=" " tag="653">
      <marc:subfield code="a">Feng-Shui</marc:subfield>
   </marc:datafield>
   <marc:datafield ind1=" " ind2=" " tag="653">
      <marc:subfield code="a">Analyse</marc:subfield>
   </marc:datafield>
   <marc:datafield ind1=" " ind2=" " tag="653">
      <marc:subfield code="a">Fiktionale Darstellung</marc:subfield>
   </marc:datafield>
   <marc:datafield ind1=" " ind2=" " tag="653">
      <marc:subfield code="a">Belletristische Darstellung</marc:subfield>
   </marc:datafield>
   <marc:datafield ind1="0" ind2="0" tag="245">
      <marc:subfield code="a">Der Fengshui-Detektiv und der Computertiger</marc:subfield>
   </marc:datafield>
   <marc:datafield ind1="0" ind2="0" tag="245">
      <marc:subfield code="c">Nuty Vittachi. Aus dem Engl. von Ursula Ballin</marc:subfield>
   </marc:datafield>
   <marc:datafield ind1=" " ind2="1" tag="264">
      <marc:subfield code="a">Zürich</marc:subfield>
      <marc:subfield code="b">Unionsverl.</marc:subfield>
      <marc:subfield code="c">2005</marc:subfield>
   </marc:datafield>
   <marc:datafield ind1="1" ind2=" " tag="490">
      <marc:subfield code="a">Unionsverlag-Taschenbuch</marc:subfield>
      <marc:subfield code="v">322</marc:subfield>
   </marc:datafield>
   <marc:datafield ind1=" " ind2=" " tag="250">
      <marc:subfield code="a">1. Aufl.</marc:subfield>
   </marc:datafield>
   <marc:datafield ind1="1" ind2=" " tag="520">
      <marc:subfield code="a">Was für ein Glückstag! Der schrullig merkantile Fengshui-Meister C. F. Wong könnte vor Freude tanzen, wenn er könnte: Als Geschenk an die Gesellschafter eines Handels-Multis soll er Fengshui-Analysen erstellen; alles bezahlt von East Trade Industries Limited, fette Spesen inklusive. Und das Beste: Die Aufträge sind so simpel, dass selbst seine quirlig-quasslige Assistentin Joyce McQuinnie sie erledigen kann, wodurch er sie für geraume Zeit los wäre. Wong wittert leicht verdientes Geld. Doch weit gefehlt! Denn schnell wird die Routine zum Rätsel, und der Geomant und seine Assistentin müssen in einer turbulenten Tour de force um den halben Globus ihr ganzes Können einsetzen, um einer Reihe höchst obskurer Geschehnisse auf den Grund zu gehen. Zur Belohnung entdeckt das ungleiche Paar dafür den Ort mit dem definitiv besten Fengshui auf Erden. &gt;Erschossen werden ganz schlechtes Fengshui!&lt; C. F. Wong &gt;Ost und West, frech und weise, traditionell und trendy aufs Vergnüglichste beisammen.&lt; Ultimo &gt;Ungewohnt, exotisch, bunt und scharf!&lt; Lars Schafft, Krimi-Couch.de &gt;Ein gelungenes Crossover mit Kultpotenzial.&lt; Ingeborg Sperl, Der Standard &gt;Nury Vittachi kredenzt einen süffigen Cocktail aus britischem Humor, östlicher Philosophie, gesundem Menschenverstand und einer Prise Animismus.&lt; Stefanie Riedi, Facts</marc:subfield>
   </marc:datafield>
   <marc:datafield ind1=" " ind2=" " tag="020">
      <marc:subfield code="a">9783293203228</marc:subfield>
      <marc:subfield code="9">9783293203228</marc:subfield>
   </marc:datafield>
   <marc:datafield ind1=" " ind2=" " tag="020">
      <marc:subfield code="a">3293203221</marc:subfield>
      <marc:subfield code="9">3293203221</marc:subfield>
   </marc:datafield>
   <marc:datafield ind1=" " ind2=" " tag="041">
      <marc:subfield code="a">ger</marc:subfield>
   </marc:datafield>
   <marc:datafield ind1=" " ind2=" " tag="300">
      <marc:subfield code="a">286 S.</marc:subfield>
   </marc:datafield>
</marc:record>
